An atlas of insect diseases. (Record no. 150549)
[ view plain ]
| 000 -LEADER | |
|---|---|
| fixed length control field | 00719cam8a220022900 4500 |
| 001 - CONTROL NUMBER | |
| control field | tmp15682951 |
| 003 - CONTROL NUMBER IDENTIFIER | |
| control field | UPRA |
| 005 - DATE AND TIME OF LATEST TRANSACTION | |
| control field | 20190823110035.0 |
| 008 - FIXED-LENGTH DATA ELEMENTS--GENERAL INFORMATION | |
| fixed length control field | 951003s1977 ne eng u |
| 020 ## - INTERNATIONAL STANDARD BOOK NUMBER | |
| International Standard Book Number | 9061935490 |
| 035 ## - SYSTEM CONTROL NUMBER | |
| System control number | (Sirsi) r57620 |
| 035 ## - SYSTEM CONTROL NUMBER | |
| System control number | (UPRA)tmp15682951 |
| 040 ## - CATALOGING SOURCE | |
| Transcribing agency | UPRA |
| 100 1# - MAIN ENTRY--PERSONAL NAME | |
| Personal name | Weiser, Jaroslav. |
| Linkage | A8506.1 |
| 245 13 - TITLE STATEMENT | |
| Title | An atlas of insect diseases. |
| 250 ## - EDITION STATEMENT | |
| Edition statement | 2nd rev. ed. |
| 260 ## - PUBLICATION, DISTRIBUTION, ETC. | |
| Place of publication, distribution, etc. | Hague : |
| Name of publisher, distributor, etc. | W. Junk, |
| Date of publication, distribution, etc. | 1977. |
| 650 #0 - SUBJECT ADDED ENTRY--TOPICAL TERM | |
| Topical term or geographic name entry element | Insects -- Diseases. |
| General subdivision | Insects -- Diseases. |
| Linkage | S11137.1 |
| 650 #0 - SUBJECT ADDED ENTRY--TOPICAL TERM | |
| Topical term or geographic name entry element | Insects -- Diseases -- Atlases. |
| General subdivision | Insects -- Diseases -- Atlases. |
| -- | Insects -- Diseases -- Atlases. |
| Linkage | S12112.1 |
| 949 ## - LOCAL PROCESSING INFORMATION (OCLC) | |
| a | SB947 |
| w | lcc |
| i | -75267 |
| m | MAIN |
| t | BOOK |
| l | ON-SHELF |
No items available.